Angers - Choix multiples - Statistiques

Statistiques générales
  • Ce quiz a été pris 316 fois
    315 depuis la dernière actualisation
  • Le résultat moyen est 9 sur 10
Statistiques - réponses
Question Réponse % Correct
Quel est le club de football d'Angers ? Angers SCO
97%
Quel est le nom de la gare principale ? Saint Laud
95%
De quel matériau sont traditionnellement composées les toitures des bâtiments ? Ardoise
93%
Quel est le nom du parc de loisirs qui se trouve dans la ville ? Terra Botanica
93%
Quel monument ne trouve-t-on PAS à Angers ?
91%
Quel roi surnommé "le Bon Roi" était duc d'Anjou au XVème siècle ? René
91%
Laquelle de ces spécialités culinaires n'est PAS originaire d'Angers ? Les rillettes
88%
Qui de la Maine ou de la Loire traverse la ville ? La Maine
80%
Quelle œuvre médiévale est conservée au sein du château d'Angers ? La tenture de l'Apocalypse
74%
Dans quel domaine Angers est-elle spécialisée ? Végétal
53%
Aucun quiz correspondant
Distribution des résultats
% des personnes avec chaque résultat
Percentile par nombre de réponses
Votre historique - résultats
Vous n’avez pas pris ce quiz depuis la dernière actualisation